Príležitosti a riziká podnikateľských subjektov SR pri prieniku na trhy krajín SNŠ bakalárska práca

Salvato in:
Dettagli Bibliografici
Autore principale: Lyhajová, Lea
Ente Autore: Obchodná fakulta EU. Katedra medzinárodného obchodu
Altri autori: Drieniková, Kristína, 1982-
Natura: Libro
Lingua:slovacco
Pubblicazione: Bratislava 2010
Tags: Aggiungi Tag
Nessun Tag, puoi essere il primo ad aggiungerne!!

MARC

LEADER 00000nam$a2200000$$$4500
001 0134147
005 20240320074432.9
041 0 |a slo 
044 |a SK 
245 1 0 |a Príležitosti a riziká podnikateľských subjektov SR pri prieniku na trhy krajín SNŠ  |b bakalárska práca  |c Lea Lyhajová ; školiteľ: Kristína Drieniková 
264 1 |a Bratislava  |c 2010 
300 |a 56 s. 
100 1 |a Lyhajová, Lea 
700 1 |a Drieniková, Kristína, 1982- 
710 2 |a Obchodná fakulta EU. Katedra medzinárodného obchodu